000
00294nam a2200109Ia 4500
008
200302s9999 xx 000 0 und d
100
_a
Tim Campbell
245
_a
Beyond Smart Cities How Cities Network Learn and Innovate
260
_b
Earthscan Publications Ltd.
260
_c
2012
300
_a
236
999
_c
5260
_d
5260